The ART Institute of Chicago. Feasting: a recipe journal/ The Art Institute of Chicago

Guardat en:
Dades bibliogràfiques
Format: Llibre
Idioma:anglès
Publicat: Rizzoli International Publications 1992.
Etiquetes: Afegir etiqueta
Sense etiquetes, Sigues el primer a etiquetar aquest registre!

MARC

LEADER 00000nam a22000007a 4500
008 211021b ||||| |||| 00| 0 eng d
020 |a  0-8478-56550 
245 |a The ART Institute of Chicago.  |b Feasting: a recipe journal/ The Art Institute of Chicago  |c The ART Institute of Chicago.  |g  128p. 
260 |b  Rizzoli International Publications  |c 1992.  |h  New York  |l TX7 .F31   |m Cooking.  |m Title. 
942 |a ddc  |c BK  |f 21/ 10/2021 
952 |0 0  |1 0  |2 lcc  |4 0  |6 TX0071 F31  |7 0  |9 3649  |a HOL  |b HOL  |c QZ  |d 2021-10-21  |l 0  |o TX71 .F31   |p 2021-67385  |r 2021-10-21 00:00:00  |w 2021-10-21  |y BK 
999 |c 1809  |d 1809